Vavilov–Cherenkov Radiation and Pulsed Cathodoluminescence in Poly(methyl methacrylate) Excited by a Subnanosecond Electron Beam; Technical Physics Letters; Vol. 47, iss. 4
| Parent link: | Technical Physics Letters Vol. 47, iss. 4.— 2021.— [P. 313-314] |
|---|---|
| Autore principale: | |
| Ente Autore: | |
| Altri autori: | , |
| Riassunto: | Title screen We have studied the spectral and amplitude–kinetics characteristics of emission from poly(methyl methacrylate) (PMMA) excited by pulsed electron beams with particle energies up to 300 and 450 keV. Vavilov–Cherenkov radiation (VCR) and pulsed cathodoluminescence (PCL) spectra were measured with subnanosecond resolution. It is established that the intensity of PCL in the visible and near-UV spectral regions from PMMA excited by electrons with several hundred keV energies significantly exceeds the VCR intensity. Режим доступа: по договору с организацией-держателем ресурса |
| Lingua: | inglese |
| Pubblicazione: |
2021
|
| Soggetti: | |
| Accesso online: | https://doi.org/10.1134/S1063785021030305 |
| Natura: | Elettronico Capitolo di libro |
| KOHA link: | https://koha.lib.tpu.ru/cgi-bin/koha/opac-detail.pl?biblionumber=668519 |
MARC
| LEADER | 00000naa0a2200000 4500 | ||
|---|---|---|---|
| 001 | 668519 | ||
| 005 | 20250303113808.0 | ||
| 035 | |a (RuTPU)RU\TPU\network\39746 | ||
| 035 | |a RU\TPU\network\38583 | ||
| 090 | |a 668519 | ||
| 100 | |a 20221221d2021 k||y0rusy50 ba | ||
| 101 | 0 | |a eng | |
| 135 | |a drcn ---uucaa | ||
| 181 | 0 | |a i | |
| 182 | 0 | |a b | |
| 200 | 1 | |a Vavilov–Cherenkov Radiation and Pulsed Cathodoluminescence in Poly(methyl methacrylate) Excited by a Subnanosecond Electron Beam |f V. F. Tarasenko, E. Kh. Baksht, M. V. Erofeev | |
| 203 | |a Text |c electronic | ||
| 300 | |a Title screen | ||
| 320 | |a [References: 13 tit.] | ||
| 330 | |a We have studied the spectral and amplitude–kinetics characteristics of emission from poly(methyl methacrylate) (PMMA) excited by pulsed electron beams with particle energies up to 300 and 450 keV. Vavilov–Cherenkov radiation (VCR) and pulsed cathodoluminescence (PCL) spectra were measured with subnanosecond resolution. It is established that the intensity of PCL in the visible and near-UV spectral regions from PMMA excited by electrons with several hundred keV energies significantly exceeds the VCR intensity. | ||
| 333 | |a Режим доступа: по договору с организацией-держателем ресурса | ||
| 461 | |t Technical Physics Letters | ||
| 463 | |t Vol. 47, iss. 4 |v [P. 313-314] |d 2021 | ||
| 610 | 1 | |a электронный ресурс | |
| 610 | 1 | |a труды учёных ТПУ | |
| 610 | 1 | |a electron beam | |
| 610 | 1 | |a Vavilov-Cherenkov radiation | |
| 610 | 1 | |a pulsed cathodoluminescence | |
| 610 | 1 | |a photoexcitation | |
| 700 | 1 | |a Tarasenko |b V. F. |c physicist |c Professor of Tomsk Polytechnic University, Doctor of physical and mathematical sciences |f 1946- |g Victor Fedotovich |3 (RuTPU)RU\TPU\pers\32090 | |
| 701 | 1 | |a Baksht |b E. Kh. |g Evgeny Khaimovich | |
| 701 | 1 | |a Erofeev |b M. V. |c specialist in the field of oil and gas business |c Associate Professor of Tomsk Polytechnic University, Candidate of physical and mathematical sciences |f 1975- |g Mikhail Vladimirovich |3 (RuTPU)RU\TPU\pers\34250 | |
| 712 | 0 | 2 | |a Национальный исследовательский Томский политехнический университет |b Инженерная школа неразрушающего контроля и безопасности |b Отделение электронной инженерии |3 (RuTPU)RU\TPU\col\23507 |
| 801 | 0 | |a RU |b 63413507 |c 20221221 |g RCR | |
| 856 | 4 | |u https://doi.org/10.1134/S1063785021030305 | |
| 942 | |c CF | ||